Loading...
| History - American | 0 | 8 | 2 | 0 | 70 | 88 | 109.13 | 0 | 1 | 9.06 | 29.32 |
| History - European | 0 | 6 | 0 | 1 | 60 | 100 | 118.00 | 0 | 1 | 3.94 | 13.48 |
| Other Academic | 0 | 4 | 0 | 0 | 40 | 75 | 85.00 | 0 | 1 | 16.41 | 35.28 |
| Literature - British | 0 | 3 | 0 | 1 | 30 | 85 | 105.33 | 0 | 1 | 5.35 | 12.01 |
| Literature - World | 0 | 3 | 0 | 1 | 30 | 125 | 139.67 | 0 | 0 | 0.70 | 5.73 |
| Literature - European | 0 | 3 | 0 | 0 | 30 | 92 | 128.33 | 1 | 1 | 2.61 | 10.71 |
| Science - Other | 0 | 3 | 1 | 1 | 25 | 54 | 81.67 | 0 | 1 | 6.49 | 14.39 |
| Literature - American | 0 | 2 | 0 | 1 | 20 | 70 | 112.50 | 0 | 1 | 3.29 | 6.32 |
| Philosophy | 0 | 1 | 0 | 0 | 10 | 131 | 131.00 | 0 | 0 | 0.22 | 3.24 |
| Fine Arts - Other | 0 | 1 | 0 | 0 | 10 | 119 | 119.00 | 0 | 0 | 0.99 | 4.02 |
| Science - Biology | 0 | 1 | 1 | 0 | 5 | 135 | 135.00 | 0 | 0 | -0.04 | 0.84 |
| Current Events | 0 | 0 | 0 | 0 | 0 | 0.00 | 0 | 0 | 0.00 | 0.00 | |
| Religion | 0 | 0 | 1 | 0 | -5 | 0.00 | 0 | 0 | 0.00 | 0.00 | |
| History - Other | 0 | 1 | 3 | 1 | -5 | 136 | 136.00 | 0 | 0 | -0.18 | 0.25 |
| Fine Arts - Painting & Sculpture | 0 | 0 | 1 | 0 | -5 | 0.00 | 0 | 0 | 0.00 | 0.00 | |
| Science - Physics | 0 | 0 | 1 | 0 | -5 | 0.00 | 0 | 0 | 0.00 | 0.00 | |
| Social Science | 0 | 0 | 1 | 0 | -5 | 0.00 | 0 | 0 | 0.00 | 0.00 |